书目信息 |
| 题名: |
中国名优白酒酿造与研究
|
|
| 作者: | 熊子书 著 | |
| 分册: | ||
| 出版信息: | 北京 中国轻工业出版社 1995 |
|
| 页数: | 357页 | |
| 开本: | 20cm | |
| 丛书名: | ||
| 单 册: | ||
| 中图分类: | TS262.3 | |
| 科图分类: | 83.6265 | |
| 主题词: | 白酒--酿造--研究--中国 | |
| 电子资源: | ||
| ISBN: | 978-7-5019-1814-0 | |
| 000 | 00720n|m0 2200241 450 | |
| 001 | 0102573251 | |
| 005 | 20121109170000.0 | |
| 010 | @a978-7-5019-1814-0@dCNY25.00 | |
| 100 | @a20021005d1995 em y0chiy0110 ea | |
| 101 | 0 | @achi |
| 102 | @aCN@b110000 | |
| 105 | @ay z 000yy | |
| 135 | @adrbn ---auuuu | |
| 200 | 1 | @a中国名优白酒酿造与研究@9Zhong Guo Ming You Bai Jiu Niang;Nian Zao Yu Yan Jiu @f熊子书著@b电子资源.图书 |
| 210 | @a北京@c中国轻工业出版社@d1995 | |
| 215 | @a357页@d20cm | |
| 325 | @a电子复制品 | |
| 606 | 0 | @a白酒@x酿造@x研究@y中国 |
| 690 | @aTS262.3@v3 | |
| 692 | @a83.6265@v2 | |
| 701 | 0 | @a熊子书@9xiong zi shu@4著 |
| 801 | 0 | @aCN@bAZmarc@c20230903 |
| 905 | @dTS262.3@e68@f5@sTS262.3/68@aBZT | |
| 中国名优白酒酿造与研究/熊子书著[电子资源.图书].-北京:中国轻工业出版社,1995 |
| 357页;20cm |
| ISBN 978-7-5019-1814-0:CNY25.00 |
| ● |
| 相关链接 |
|
|
|
正题名:中国名优白酒酿造与研究
索取号:TS262.3/68
 
预约/预借
| 序号 | 登录号 | 条形码 | 馆藏地/架位号 | 状态 | 备注 |
| 1 | 2000114759 | 2000114759 | 旧书回溯/ [索取号:TS262.3/68] | 在馆 | |
| 2 | 2000114760 | 2000114760 | 旧书回溯/ [索取号:TS262.3/68] | 在馆 | |
| 3 | 2000114761 | 2000114761 | 旧书回溯/ [索取号:TS262.3/68] | 在馆 | |
| 4 | 2000114762 | 2000114762 | 旧书回溯/ [索取号:TS262.3/68] | 在馆 | |
| 5 | 2000114763 | 2000114763 | 旧书回溯/ [索取号:TS262.3/68] | 在馆 |